[Event "1.Kl.Süd"]
[Site "?"]
[Date "2002.01.12"]
[Round "6"]
[White "Grundner, Alois"]
[Black "Hartl, Anna Maria"]
[Result "0-1"]
[WhiteElo "1885"]
[BlackElo "1560"]
[Annotator "Fritz 5.00 (8s)"]
[PlyCount "50"]
[EventDate "2002.??.??"]

1. d4 Nf6 {Opening = E77 - Königsindisch-Vierbauern Variante /King's
Indian-Four Pawn's V} 2. c4 d6 3. Nc3 g6 4. e4 Bg7 5. Be2 O-O 6. f4 c5 7. d5 {
Weiß gewinnt Raum} Nbd7 8. Nf3 Ne8 9. O-O Bxc3 10. bxc3 f6 {Befestigt e5+g5}
11. Be3 Qa5 12. Qc2 Rb8 13. Nh4 Kg7 14. Rf3 Rg8 15. g4 (15. Rg3 Kh8 $14) 15...
Nc7 16. Rg3 {[%cal Yg4g5] Ermöglicht auch g5} b5 {Greift die Basis der
Bauernkette an} 17. g5 {Weiß engt den Gegner ein} Kf7 18. gxf6 exf6 19. e5 $17
{Nimzowitsch: Bauernketten von der Basis aufrollen} (19. Rb1 $142 $5 $11 {
damit wäre Weiß im Spiel geblieben}) (19. Rf1 bxc4 20. e5 Nb6 21. e6+ Kf8 22.
f5 g5 23. Bxg5 Rxg5 24. Rxg5 fxg5 25. f6 Qxc3 26. e7+ Ke8 27. Bh5+ Kd7 28.
e8=Q+ Nxe8 29. Qxh7+ Ng7 30. Qxg7+ Kd8 31. Qe7#) (19. Re1 bxc4 20. Bxc4 Re8 21.
e5 Nb6 22. Rxg6 dxe5 23. Rg3 e4 24. Be2 Kf8 25. Bh5 Bd7 26. Qg2 Ke7 27. Qxe4+
Kd6 28. Bxe8 Rxe8 29. Qxh7 Ncxd5) 19... dxe5 20. d6 {Ist dieser Freibauer
gefährlich?} Ne8 $11 (20... exf4 21. Bxf4 (21. dxc7 $2 {übersieht} Qxc7 22.
Bxf4 Qxf4 $17) 21... Ne6 22. cxb5 Nxf4 23. Bc4+ Kg7 24. Bxg8 Qxb5 25. Nf5+ Kh8
26. Re1 $17) 21. fxe5 $15 (21. Qd2 $5 $11) 21... Nxe5 ({Und nicht} 21... fxe5
22. Rf1+ Ndf6 23. cxb5 $14) 22. cxb5 (22. Rd1 Qb6 $17) 22... Nxd6 23. Bxc5 Nxb5
24. a4 Nc7 25. Bd6 $4 {Weiß bricht völlig ein} (25. Bd4 $142 $19) 25... Qb6+ (
25... Qb6+ 26. Kh1 Qxd6 $19) 0-1

[Event "1.Kl.Süd"]
[Site "?"]
[Date "2002.01.26"]
[Round "7"]
[White "Radacher, Franz"]
[Black "Grundner, Alois"]
[Result "0-1"]
[WhiteElo "1386"]
[BlackElo "1885"]
[Annotator "Fritz 5.00 (8s)"]
[PlyCount "84"]

1. d4 Nf6 {Opening = D00 - Damenbauernspiele /Queen Pawn's Opening} 2. Nc3 d5
3. Bf4 g6 4. Nf3 Bg7 5. e3 O-O 6. Bd3 c6 {Verwehrt dem Gegner b5} 7. h3 {
Sichert g4} Re8 8. Ne2 Ne4 9. O-O Nd7 10. Ne5 $11 (10. c4 Ndf6 $14) 10... f6 {
Deckt g5} (10... Nec5 11. Ng4 Nxd3 12. Qxd3 $11) 11. Nxd7 Bxd7 12. f3 $11 {
Überdeckt g4} (12. Bxe4 dxe4 13. Nc3 Qb6 $14) 12... e5 $14 (12... Nd6 $5 $11 {
ist vielleicht stärker}) 13. fxe4 exf4 14. Rxf4 $11 (14. Nxf4 $5 {ist zu
erwägen} dxe4 15. Bc4+ Kf8 16. Qe2 $11) 14... Bh6 15. Rf3 dxe4 16. Bc4+ Be6 $15
(16... Kh8 17. Rg3 $17) 17. Bxe6+ Rxe6 18. Rg3 Qc7 19. Qf1 Rf8 20. Qf2 f5 21.
Rf1 Qa5 22. a3 Rd6 23. Nf4 Kh8 24. h4 Rfd8 (24... c5 25. c3 $17) 25. c3 c5 26.
Qe2 $17 (26. h5 cxd4 27. cxd4 g5 $17) 26... cxd4 27. cxd4 (27. exd4 Qc7 28. Qf2
Rb6 $17) 27... Qc7 28. Rh3 $19 (28. Qf2 $5 Rc6 29. Rh3 $17) 28... Bxf4 29. Rxf4
Rxd4 $1 {die Entscheidung} 30. exd4 Qxf4 31. Qd1 e3 (31... a6 $5 32. Qc2 $19)
32. Qf3 Qxd4 {Es droht Matt} (32... Rxd4 $6 33. Qxf4 Rxf4 34. Rxe3 Rxh4 35.
Re8+ Kg7 36. Re7+ Kg8 37. b4 $15) 33. Qxe3 Kg7 $17 (33... Qxb2 34. h5 g5 35.
Qe7 Qd4+ 36. Re3 $19) 34. Kh2 Qxe3 {Droht Matt: De5} 35. Rxe3 Kf6 36. b4 h6 37.
g3 $19 (37. Rc3 Rd4 38. h5 gxh5 $17) 37... g5 38. hxg5+ hxg5 39. Kg2 Rd2+ 40.
Kf3 $4 {Weiß zeigt sich dem Druck nicht mehr gewachsen} (40. Kf1 $142 $19)
40... g4+ 41. Kf4 Rd4+ 42. Re4 $5 Rxe4# 0-1

[Event "LLA, Mattigh."]
[Site "?"]
[Date "2002.02.23"]
[Round "9"]
[White "Muhr, Robert"]
[Black "Grundner, Alois"]
[Result "0-1"]
[WhiteElo "1757"]
[BlackElo "1875"]
[Annotator "Grundner,A"]
[PlyCount "82"]
[EventDate "2002.??.??"]

1. e4 d5 2. exd5 Nf6 3. Nc3 Nxd5 4. d4 c6 5. Nf3 g6 6. Be2 Bg7 7. O-O O-O 8.
Bg5 Nd7 9. Qd2 N7f6 10. Nxd5 cxd5 11. Bd3 Ne4 12. Qe3 Nxg5 13. Qxg5 Qd6 {Nicht
der beste Zug! e6!?} 14. c3 Bd7 15. Rfe1 Rae8 16. h3 f6 17. Qd2 e5 18. dxe5
fxe5 19. Bc4 Be6 {Lc6!!} 20. Rad1 Rd8 21. Qe2 Qc5 22. Bb3 e4 23. Ng5 Bf5 24. g4
Bh6 25. gxf5 Bxg5 26. fxg6 hxg6 27. Qxe4 Qxf2+ 28. Kh1 Rf3 {?? Kg7 und das
Spiel geht noch etwas weiter} 29. Qg4 {??? schwerer Fehler! Lxd5!!} Rg3 30.
Qe6+ {Te2 wäre besser} Kg7 31. Re2 Qf3+ 32. Kh2 Rxh3+ 33. Qxh3 Qxe2+ {Lf4!!}
34. Kg3 Rf8 35. Qd7+ Rf7 36. Qg4 Qf2+ 37. Kh3 Rf3+ 38. Qxf3 Qxf3+ 39. Kh2 Bf4+
40. Kg1 Be3+ 41. Kh2 Bf2 {und Schwarz gab auf} 0-1

[Event "1.Kl.Süd"]
[Site "?"]
[Date "2002.03.09"]
[Round "9"]
[White "Grundner, Alois"]
[Black "Hutz, Gerhard"]
[Result "1/2-1/2"]
[WhiteElo "1992"]
[BlackElo "1872"]
[PlyCount "68"]
[EventDate "2002.??.??"]

1. d4 d5 2. c4 c6 3. Nc3 Bf5 4. e3 e6 5. Nf3 Nd7 6. Be2 Ngf6 7. Nh4 Bg6 8. Nxg6
hxg6 9. h3 Qc7 10. Bd2 dxc4 11. Bxc4 Nb6 12. Be2 Be7 13. Rc1 Rd8 14. Qb3 O-O
15. Na4 Nxa4 16. Qxa4 Qb8 17. O-O c5 18. Bc3 Ne4 19. Qc2 Nxc3 20. bxc3 {Weiß
bot Remis} Rd7 21. Rb1 Rfd8 22. Bb5 Rc7 23. Qe4 Qc8 24. Ba4 a6 25. Rb6 Rd6 26.
Rfb1 Rxb6 27. Rxb6 cxd4 28. exd4 Rxc3 29. Qxb7 Rc1+ 30. Kh2 Bd6+ 31. g3 Qxb7
32. Rxb7 Rc4 33. Be8 Rc7 34. Rb6 Kf8 {Jetzt bot Schwarz remis, was Weiß annahm.
} 1/2-1/2

[Event "Landescup, 1.Rd."]
[Site "?"]
[Date "2002.04.13"]
[Round "1"]
[White "Grundner, Alois"]
[Black "Schwaiger, Wolfgang"]
[Result "1/2-1/2"]
[WhiteElo "1875"]
[BlackElo "1810"]
[PlyCount "56"]
[EventDate "2002.??.??"]

1. d4 d5 2. c4 e6 3. Nc3 Nf6 4. Bg5 Be7 5. e3 b6 6. Nf3 O-O 7. Rc1 Bb7 8. Bxf6
Bxf6 9. cxd5 exd5 10. Bd3 Na6 11. O-O Qd7 12. Qd2 c5 13. Rfe1 c4 14. Bb1 b5 15.
Ne2 Nc7 16. Ng3 Rfd8 17. Nh5 Be7 18. Ne5 Qd6 19. Qe2 (19. Bxh7+ Kxh7 20. Nxf7
Qa6 21. Nxd8 Bxd8 22. Nf4 Bg5 23. Nd3 Ne6 24. Ne5 Kg8) 19... g6 20. Qf3 Rf8 21.
Qg3 f5 22. Nf4 Kg7 23. h4 a5 24. Qf3 Bxh4 25. g3 Bf6 26. Nexg6 hxg6 27. Nxg6
Kxg6 28. Qxf5+ Kf7 1/2-1/2

[Event "Landescup 2002"]
[Site "?"]
[Date "2002.05.25"]
[Round "3"]
[White "Wenger, Anton"]
[Black "Grundner, Alois"]
[Result "1/2-1/2"]
[WhiteElo "1805"]
[BlackElo "1872"]
[PlyCount "86"]
[EventDate "2002.??.??"]

1. e4 d5 2. exd5 Nf6 3. d4 Nxd5 4. Nf3 g6 5. c4 Nb6 6. b3 Bg7 7. Bb2 c5 8. Qd2
cxd4 9. Bxd4 O-O {Lxd4!?} 10. Bxg7 Kxg7 11. Qc3+ {?} f6 12. Nbd2 e5 13. Be2 Nc6
14. O-O Be6 15. Rad1 Qe7 16. Ne4 Rfd8 17. h3 Rac8 18. Rxd8 Rxd8 19. a4 Nd4 20.
Nxd4 Rxd4 21. Bf3 Bf5 22. Ng3 Qd7 23. a5 Nc8 24. Nxf5+ gxf5 25. Bd5 Ne7 26.
Qg3+ Kh8 27. Bf7 Rd3 28. Qh4 Kg7 29. Bd5 Nxd5 30. cxd5 Qxd5 31. Qb4 Rxb3 32.
Qe7+ Qf7 33. Qd8 Rc3 34. Rd1 Rc7 35. Rd3 {Weiß bot Remis} h6 36. Rg3+ Kh7 37.
Rf3 f4 38. g3 Rd7 39. Qc8 Rd1+ 40. Kh2 Qd7 41. Qc2+ f5 42. g4 Rd2 43. Qc3 {
Weiß nahm das neuerliche Remisangebot an, da die Mannschaft zu diesem
Zeitpunkt bereits 3:0 hintenlag und aus dem Landescup ausgeschieden war.} e4
1/2-1/2

[Event "1.Klasse Süd"]
[Site "?"]
[Date "2002.09.28"]
[Round "?"]
[White "Grundner, Alois"]
[Black "Baumgartner, Manfred"]
[Result "1-0"]
[WhiteElo "1862"]
[BlackElo "1756"]
[Annotator "GRD,A"]
[PlyCount "43"]
[EventDate "2002.??.??"]

{16384kB, newbook.ctg} 1. d4 Nf6 2. c4 e6 3. Nc3 d5 4. Bg5 dxc4 5. e3 Be7 6.
Bxc4 O-O 7. Nf3 Nbd7 8. O-O b6 9. Rc1 Bb7 10. Re1 c5 11. e4 cxd4 12. Nxd4 h6 (
12... Ne5 13. Bb3 Bc5 14. Be3 Nfg4 15. Nc2) 13. Bxf6 Bxf6 14. Nxe6 fxe6 15.
Bxe6+ Rf7 16. Nb5 Be5 17. Qh5 Qf6 18. Bxf7+ Qxf7 19. Qxf7+ Kxf7 20. Red1 Nf6
21. f3 Ne8 (21... Ke7) 22. Rd7+ 1-0

[Event "?"]
[Site "?"]
[Date "2002.10.19"]
[Round "2"]
[White "Grundner, Alois"]
[Black "Ebner, Josef"]
[Result "1/2-1/2"]
[WhiteElo "1875"]
[BlackElo "1838"]
[PlyCount "111"]
[EventDate "2002.??.??"]

1. d4 Nf6 2. c4 g6 3. Nc3 Bg7 4. e4 d6 5. Be2 O-O 6. f4 Nbd7 7. Nf3 c5 8. d5 a6
9. Qc2 Ne8 10. Be3 Nc7 11. O-O b5 12. cxb5 axb5 13. Nxb5 Nxb5 14. Bxb5 Rb8 15.
a4 Nb6 16. Rad1 Bd7 17. Bxd7 Nxd7 18. b3 Qb6 19. Rd3 Qa7 20. Kh1 Qc7 21. Bd2
Rfc8 22. Rc1 Qb7 23. Be1 Nf6 24. Nd2 Qa6 25. Rf3 Rb7 26. Nc4 e6 27. dxe6 fxe6
28. e5 Ne8 29. exd6 Nxd6 30. Nxd6 Qxd6 31. Bc3 Bd4 32. Rd1 Rbc7 33. Qe4 Qb6 34.
Bxd4 cxd4 35. h3 Rc1 36. Rfd3 Rxd1+ 37. Rxd1 Rd8 38. b4 Qxb4 39. Qxe6+ Kg7 40.
Qe5+ Kf7 41. f5 (41. Qc7+ Qe7 42. Qc4+ Qe6 43. Rxd4 Qxc4 44. Rxc4 {und mit
zwei Mehrbauern müsste Weiß eigentlich gewinnen!!}) 41... Qd6 42. fxg6+ Kxg6
43. Qxd6+ Rxd6 44. Kg1 Kf5 45. Kf2 Ke4 46. Ra1 Kd3 47. a5 Ra6 (47... Rf6+ 48.
Kg3 Rg6+ 49. Kf4 Rxg2 50. a6 Rf2+ 51. Ke5 Rf8 52. a7 Ra8 53. Kd5 Ke3 54. Kc6 d3
55. Kb7 Rd8 56. a8=Q Rxa8 57. Kxa8 d2 58. Kb7 Ke2 59. Kc6 h5 60. Kd5 d1=Q+ 61.
Rxd1 Kxd1 62. Ke4 Ke2 63. Kf4 Kf2 64. h4 Kg2 65. Kg5 Kf3 66. Kxh5 Kf4 67. Kg6)
48. Ra4 Kc3 49. Ke1 h5 50. g4 hxg4 51. hxg4 d3 52. g5 Kb3 53. Rd4 Kc2 54. Rc4+
Kb3 55. Rc5 Kb4 56. Rd5 1/2-1/2

[Event "1.Kl.Süd"]
[Site "?"]
[Date "2005.??.??"]
[Round "?"]
[White "Karios, Peter"]
[Black "Grundner, Alois"]
[Result "1/2-1/2"]
[WhiteElo "1840"]
[BlackElo "1860"]
[Annotator "Fritz 5.00 (8s)"]
[PlyCount "52"]

1. e4 d5 $14 {Opening = B02 - Aljechin Vert-Jagdvariante /Alekhine's Def-Two
Pawn's Attack} (1... e5 2. Nf3 $11) 2. exd5 Nf6 3. Nc3 $11 (3. Bb5+ Bd7 4. Bc4
Bg4 $14) 3... Nxd5 4. Bc4 c6 5. Qf3 e6 6. Nge2 Bd6 {Sd7 mit folgendem Sdb6!} 7.
O-O Qh4 8. g3 Qxc4 9. b3 Qa6 10. Ne4 Ba3 {lt.Fritz war Le7 stärker} 11. c4 Ne7
12. Nf4 Nd7 13. Bb2 {Fritz zeigt für Schwarz ein Plus von 3,3. Kann das
stimmen?} O-O 14. Bxg7 {Mit diesem Zug bot Weiß remis, was Schwarz trotz
seiner beiden Mehrfiguren annahm. Die Partiefortsetzung hätte ungefähr so
aussehen können:} Kxg7 15. Nh5+ Kh8 16. Nhf6 Ng8 17. Nxd7 Bxd7 18. Qc3+ f6 19.
b4 b6 20. d4 Qa4 21. Rfb1 a5 22. bxa5 b5 23. cxb5 cxb5 24. Nc5 Bxc5 25. dxc5
Qxa5 26. Qf3 Qa3 1/2-1/2

[Event "1.Kl.Süd"]
[Site "?"]
[Date "2002.11.23"]
[Round "4"]
[White "Eder, Martin"]
[Black "Grundner, Alois"]
[Result "1/2-1/2"]
[WhiteElo "1736"]
[BlackElo "1862"]
[PlyCount "57"]
[EventDate "2002.??.??"]

1. d4 Nf6 2. c4 e6 3. Nc3 d5 4. Bg5 Nbd7 5. e3 c6 6. Nf3 Be7 7. Bd3 O-O 8. O-O
b6 9. Rc1 Bb7 10. cxd5 exd5 11. Bb1 Ne4 12. Bxe7 Qxe7 13. Bxe4 dxe4 14. Nd2 f5
15. Qb3+ Kh8 16. Rfe1 Rf6 17. Ne2 c5 18. Nf4 Rh6 19. g3 Rc8 20. a4 g5 21. Ne2
Qg7 22. Qb5 Rf8 23. b4 Bc6 24. Qc4 cxd4 25. Qxd4 Ne5 26. b5 Bb7 27. Rc2 Nd3 28.
Qxg7+ Kxg7 29. Ra1 1/2-1/2

[Event "1.Kl.Süd"]
[Site "?"]
[Date "2002.12.07"]
[Round "5"]
[White "Stojakovic, Miro"]
[Black "Grundner, Alois"]
[Result "1/2-1/2"]
[WhiteElo "1818"]
[BlackElo "1862"]
[PlyCount "136"]
[EventDate "2002.??.??"]

1. c4 Nf6 2. Nc3 e6 3. Nf3 c5 4. e4 Nc6 5. d4 cxd4 6. Nxd4 d5 {Ausgleich
hielte Lb4!} 7. Bg5 ({für Weiß vorteilhaft wäre} 7. cxd5 exd5 8. Bb5 Bd7 9.
exd5 Nxd4 10. Bxd7+ Qxd7 11. Qxd4) 7... Be7 8. exd5 exd5 9. cxd5 Nxd5 10. Nxc6
bxc6 {Schwarz steht jetzt etwas besser} 11. Bxe7 Qxe7+ 12. Be2 Nxc3 13. bxc3
Ba6 14. Rc1 Rd8 15. Qc2 O-O (15... Bd3 16. Qd2 O-O 17. Kf1 Bxe2+ 18. Qxe2) 16.
Kf1 Bxe2+ 17. Qxe2 Qxe2+ 18. Kxe2 Rfe8+ 19. Kf3 Rd3+ 20. Kf4 f6 21. Rc2 g5+ 22.
Kf5 Kf7 23. f4 ({Der einzige Zug, der die Partie für Weiß hält ist} 23. h4)
23... Rd5+ ({Gibt den Sieg aus der Hand. Mit folgender Fortsetzung wäre Weiß
zwingend matt geworden:} 23... h5 24. c4 Rde3 25. Re2 Rxe2 26. Re1 Rxe1 27. a4
R1e5+ 28. fxe5 Rxe5#) 24. Kg4 Re4 25. g3 Rd3 26. Kf5 {Weiß bot Remis} Rc4 27.
Rb1 Rd5+ 28. Kg4 Kg6 29. Rb4 h5+ 30. Kh3 Rcc5 31. a4 g4+ 32. Kg2 Rd3 33. Rb3
Rcd5 34. Rbb2 Rd1 35. Rf2 R5d3 36. Rbc2 Ra1 37. f5+ {Weiß bot wieder Remis} Kg5
38. Rf4 Rdd1 {h4!} 39. h4+ gxh3+ 40. Kxh3 Rh1+ 41. Rh2 Rxh2+ 42. Kxh2 Ra3 43.
Rc4 Kxf5 44. Kh3 Kg5 45. Rc5+ f5 46. a5 Ra2 47. Re5 Ra4 48. Rc5 Ra3 49. Kg2 Ra1
50. Kf3 Ra4 51. Rxc6 Rxa5 52. Rc8 Ra3 53. Rg8+ Kf6 54. Rc8 a5 55. Kf4 Ra4+ 56.
c4 Ra3 57. Rc5 Kg6 58. Rc6+ Kg7 59. Rc5 Kg6 60. Rc6+ Kg7 {Schwarz bot Remis}
61. c5 Rc3 62. Kxf5 Rxg3 {und man einigte sich auf Remis} 63. Rc7+ Kf8 64. Ra7
Rc3 65. Rxa5 Ke7 66. Kg5 Kd7 67. Kxh5 Kc6 68. Kg6 Rxc5 1/2-1/2

[Event "1.Kl.Süd"]
[Site "Uttendorf"]
[Date "2003.01.11"]
[Round "?"]
[White "Grundner, Alois"]
[Black "Maletic, Dusko"]
[Result "1/2-1/2"]
[WhiteElo "1862"]
[BlackElo "1773"]
[Annotator "Fritz 8 (10s)"]
[PlyCount "89"]

{A84: Holländische Verteidigung} 1. d4 d5 2. c4 e6 3. Nc3 f5 4. Nf3 Nf6 5. Bg5
Be7 6. e3 c6 {letzter Buchzug} 7. Rc1 O-O 8. Be2 Nbd7 9. O-O Bd6 10. cxd5 exd5
11. Qc2 Nb6 12. Ne5 {Der Springer hat sein Ziel erreicht} Qe8 13. f4 (13. Bf4
Nh5 $11) 13... Ne4 14. Nxe4 dxe4 15. Nc4 Nxc4 16. Bxc4+ Kh8 17. Qe2 a5 18. a4
Bd7 19. Rfd1 b5 20. Bb3 Rb8 21. Bh4 Rb6 22. Be1 b4 {Schwarz will den Gegner
einengen} 23. Bc4 Rf6 (23... Be6 24. b3 $11) 24. b3 Rh6 25. Bg3 Rg6 (25... Bf8
26. Qc2 $11) 26. Qf2 (26. Rc2 Rh6 $14) 26... Rh6 (26... Be6 27. Bh4 $11) 27.
Rc2 (27. Bh4 Qh5 28. g3 Qe8 $11) 27... Rf6 28. Rdc1 Rf8 29. Bh4 h6 {
Kontrolliert g5} 30. Qe2 Kh7 31. Qd1 Kh8 32. Be2 (32. d5 c5 $14) 32... Kh7 (
32... Be6 33. Bh5 Qd7 34. Rb2 $11) 33. Kh1 (33. d5 c5 $14) 33... Qf7 34. Bc4
Qe8 35. Rd2 g6 36. Be2 (36. d5 c5 37. Qe1 $14) 36... h5 (36... Be6 $142 $5 $11
{ist interessant}) 37. Bg5 (37. d5 c5 $16) 37... Kg7 (37... Be6 38. Kg1 $16)
38. Qc2 (38. d5 c5 $16) 38... Kh7 39. Qb2 Qf7 40. Bc4 Qg7 41. Rdc2 Rc8 42. Bd5
(42. Rd1 Be8 $16) 42... c5 (42... Qf8 $142 $5 {ist zu überlegen} 43. Bc4 Qg7
$11) 43. Qb1 Qf8 44. Qb2 (44. Rc4 $5 cxd4 45. exd4 Rxc4 46. bxc4 $14) 44... Qg7
$11 45. Qb1 (45. Rc4 $5 $14 {lohnt die Prüfung}) 1/2-1/2

[Event "1.Kl.Süd gg. Zell"]
[Site "Uttendorf"]
[Date "2003.01.25"]
[Round "?"]
[White "Maier, Georg"]
[Black "Grundner, Alois"]
[Result "1-0"]
[WhiteElo "1990"]
[BlackElo "1862"]
[Annotator "Fritz 8 (10s)"]
[PlyCount "139"]

{D36: Damengambit (Abtauschvariante)} 1. d4 Nf6 2. c4 e6 3. Nc3 d5 4. cxd5 exd5
5. Bg5 Be7 6. e3 Nbd7 7. Qc2 O-O 8. Bd3 Re8 9. Nge2 c6 10. O-O Ne4 {letzter
Buchzug} 11. Bxe4 dxe4 12. Bf4 f5 (12... Nf6 $5 $14 {lohnt die Prüfung}) 13.
Nd5 $1 {die richtige Fortsetzung, um den Vorteil festzuhalten} Bd6 (13... cxd5
14. Bc7) 14. Bxd6 cxd5 15. Nf4 Nf6 16. Be5 {Der Läufer ist hier stark postiert}
Be6 17. Rac1 Bf7 18. Qc7 Re7 19. Qxd8+ Rxd8 20. Bxf6 gxf6 21. Rc5 b6 22. Rc6
Kg7 23. Rfc1 Rdd7 (23... Be8 24. Rc7 Kf7 25. Rxe7+ Kxe7 26. Rc7+ Rd7 27. Nxd5+
Ke6 28. Nf4+ Kd6 29. Rc8 $16) 24. Kf1 Be8 25. Re6 (25. Ke2 $5 $16) 25... Rxe6
$14 26. Nxe6+ Kf7 27. Nf4 Ke7 28. Rc8 Bf7 29. Ke1 Rd8 30. Rxd8 Kxd8 31. Kd2 Kc7
32. Kc3 Kd6 33. Kb4 Be8 34. a3 Kc6 35. Kc3 Kd6 36. b4 b5 (36... Bb5 37. Nh5 $11
) 37. Kd2 Bf7 38. Ke1 Ke7 39. Kf1 Kf8 40. Kg1 a6 41. h3 Kg7 42. Kh2 Kh6 43. Kg3
Kg5 44. h4+ Kh6 45. Ne2 Be6 46. Kf4 Kg6 47. Ng3 h5 48. Nf1 Kh6 49. Nd2 Kg6 50.
Nb3 Kf7 51. Na5 Bd7 52. Nb7 Ke7 53. Nc5 Bc8 54. Nb3 Kf7 55. Nd2 Kg6 56. Nb1 Bb7
57. Nc3 Bc6 58. Ne2 Be8 59. Kg3 Bf7 60. Nf4+ Kh6 61. f3 Kg7 62. Ne2 (62. Kh3 $5
$16) 62... Be8 63. Kf4 Kg6 64. fxe4 (64. Nc1 Bd7 $16) 64... fxe4 $14 65. g4
hxg4 66. Kxg4 Bf7 $4 (66... Bd7+ $142 {ist die einzige Rettung} 67. Kg3 Bc6 $14
) 67. Nf4+ $18 Kg7 68. Kf5 Be8 69. Nxd5 Bd7+ 70. Kf4 (70. Kf4 Kg6 71. Nb6 $18 (
71. Kxe4 $6 {wäre weniger gut} Bc6 $14)) 1-0

[Event "12.Lienz Open"]
[Site "Uttendorf"]
[Date "2003.02.08"]
[Round "1"]
[White "Grundner, Alois"]
[Black "Unterlass, Sebastian"]
[Result "1-0"]
[WhiteElo "1862"]
[BlackElo "1424"]
[Annotator "Grundner,Alois"]
[PlyCount "41"]
[TimeControl "240+2"]

{48MB, Fritz8.ctg, OEMComputer} 1. d4 d5 2. c4 e6 3. Nc3 Nc6 4. Nf3 Bb4 {
letzter Buchzug} 5. Qc2 b6 ({0.53 Fritz 8:} 5... Nf6 6. a3 Be7 7. cxd5 exd5 8.
Bg5 O-O 9. e3 Nb8 {[%eval 19,10]}) 6. cxd5 exd5 7. e3 Nf6 8. Bd3 Bxc3+ 9. bxc3
Ne7 10. Ba3 h6 11. O-O O-O 12. Ne5 Bd7 13. c4 Re8 14. Rac1 c6 15. cxd5 Nfxd5 ({
3.03 Fritz 8:} 15... Nexd5 16. e4 Nf4 17. Bc4 Ne6 18. f4 Qc7 19. Qd3 Rad8 20.
f5 {[%eval 147,11]}) 16. e4 ({1.25 Fritz 8:} 16. Bh7+ Kf8 17. Bf5 Bc8 18. Bxc8
Rxc8 19. Qh7 c5 20. dxc5 bxc5 21. Bxc5 Rxc5 22. Rxc5 Nf6 23. Qh8+ Neg8 {[%eval
303,10]}) 16... f6 ({2.38 Fritz 8:} 16... Nf4 17. Bc4 Be6 18. Rfd1 Neg6 19.
Nxc6 Qg5 20. Bf1 Bg4 21. Re1 {[%eval 125,11]}) 17. Nxd7 Nf4 18. Bc4+ Kh8 19.
Qd2 Nfg6 ({5.72 Fritz 8:} 19... Neg6 20. Nf8 Rxf8 21. Bxf8 Qxf8 22. g3 Nh3+ 23.
Kg2 Ng5 24. f3 Qd6 25. Rfd1 {[%eval 269,12]}) 20. Nxf6 gxf6 ({#1 Fritz 8:} 
20... Rf8 21. Ng4 c5 22. d5 Nf4 23. Bb2 Nc8 24. Ne3 Nd6 25. Nf5 {[%eval 603,11]
}) 21. Qxh6# 1-0

[Event "12.Lienz Open"]
[Site "Uttendorf"]
[Date "2003.02.09"]
[Round "2"]
[White "Vergeiner, Franz"]
[Black "Grundner, Alois"]
[Result "1-0"]
[WhiteElo "2102"]
[BlackElo "1862"]
[Annotator "Grundner,Alois"]
[PlyCount "73"]
[TimeControl "240+2"]

{48MB, Fritz8.ctg, OEMComputer} 1. e4 d5 2. exd5 Nf6 3. d4 Nxd5 4. c4 Nb6 5.
Nc3 g6 6. Be3 Bg7 7. f4 c6 8. Rc1 Be6 9. b3 N8d7 10. Nf3 O-O 11. Be2 Nf6 12.
Ne5 Ne8 13. O-O f6 14. Nd3 Bf7 15. Bf3 Rc8 16. Qe2 e6 17. Rfd1 Nc7 18. Nc5 Rb8
19. N3e4 Qe7 20. Nd3 Rbd8 21. Qf2 Rfe8 22. Nec5 Rb8 23. Bd2 Nd7 24. Bb4 Qd8 25.
Ne4 Bf8 26. Nd6 Bxd6 27. Bxd6 Nb6 28. Bb4 Na6 29. Ba5 Qd7 30. Nc5 Qc8 31. Nxa6
bxa6 32. Bc3 Kg7 33. Be4 Qc7 34. Rd3 Rbc8 35. Rh3 Bg8 36. Qh4 Qf7 37. Qh6+ 1-0

[Event "12.Lienz Open"]
[Site "Uttendorf"]
[Date "2003.02.09"]
[Round "3"]
[White "Grundner, Alois"]
[Black "Wageneder, Karl"]
[Result "1-0"]
[WhiteElo "1862"]
[BlackElo "1637"]
[Annotator "Grundner,Alois"]
[PlyCount "103"]
[TimeControl "240+2"]

{48MB, Fritz8.ctg, OEMComputer} 1. d4 d5 2. c4 Nf6 3. Nc3 e6 4. Bg5 c6 5. e3
Be7 6. Nf3 Qb6 7. Qc2 h6 8. Bh4 Nbd7 9. Bd3 dxc4 10. Bxc4 c5 11. O-O O-O 12.
Rfd1 cxd4 13. Nxd4 a6 14. Ne4 Nd5 15. Bg3 N7f6 16. Rac1 Bd7 17. Bb3 Rfc8 18.
Nxf6+ Nxf6 19. Bc7 Qa7 20. Qd3 b6 21. Be5 Qb7 22. Bc2 g6 23. h3 Bc6 24. f3 Bb5
25. Nxb5 axb5 26. Bb3 Rxc1 27. Rxc1 Rc8 28. Rd1 Rd8 29. Qxb5 Rxd1+ 30. Bxd1 Qd5
31. Qxd5 Nxd5 32. Bd4 Bc5 33. Bxc5 bxc5 34. e4 Nb4 35. a4 Kf8 36. Kf1 Ke7 37.
Ke2 Kd6 38. Bb3 Nc6 39. Bc4 f6 40. f4 e5 41. g3 g5 42. Ke3 Kc7 43. fxg5 fxg5
44. Kf3 h5 45. h4 g4+ 46. Ke3 Nd8 47. Bd5 Kb6 48. Kd3 Ka5 49. Kc4 Kb6 50. a5+
Kxa5 51. Kxc5 Ka6 52. Kd6 1-0

[Event "12.Lienz Open"]
[Site "Uttendorf"]
[Date "2003.02.10"]
[Round "4"]
[White "Wallis, Toni"]
[Black "Grundner, Alois"]
[Result "1/2-1/2"]
[WhiteElo "2075"]
[BlackElo "1862"]
[Annotator "Grundner,Alois"]
[PlyCount "136"]
[TimeControl "240+2"]

{48MB, Fritz8.ctg, OEMComputer} 1. e4 d5 2. exd5 Nf6 3. d4 Nxd5 4. c4 Nb6 5.
Nf3 g6 6. Nc3 Bg7 7. c5 Nd5 8. Bc4 c6 9. Qb3 e6 10. O-O O-O 11. Bg5 Qc7 12.
Rfe1 Nxc3 13. bxc3 Re8 14. Bh4 b5 15. Bd3 Bb7 16. Bg3 Qd8 17. Rad1 Nd7 18. Ne5
Nxe5 19. Bxe5 Bc8 20. Bxg7 Kxg7 21. Qb2 Bd7 22. Bf1 f6 23. a4 a6 24. axb5 axb5
25. c4 bxc4 26. Bxc4 Rb8 27. Qa2 Ra8 28. Qb3 Rb8 29. Qc3 Qc7 30. Bd3 Re7 31. g3
Be8 32. Be4 Rd7 33. Rb1 Rdd8 34. Qc4 Bd7 35. Qa6 Ra8 36. Qb7 Ra7 37. Qb6 Rda8
38. Qxc7 Rxc7 39. Rb4 Raa7 40. Reb1 Kh6 41. Kg2 Kg7 42. h4 Ra3 43. Rb7 Ra7 44.
Rxc7 Rxc7 45. Rb6 Be8 46. Kf1 Kf7 47. Ke2 Ke7 48. g4 f5 49. gxf5 gxf5 50. Bf3
e5 51. Bg2 exd4 52. Kd3 Bd7 53. Kxd4 Kf6 54. f4 Be8 55. Kc3 h6 56. Kb4 Ke7 57.
Ka5 Bd7 58. Ra6 Kd8 59. Kb6 Rc8 60. Ra7 Rb8+ 61. Rb7 Rc8 62. Ka7 Rc7 63. Kb6
Rc8 64. Bf3 Be8 65. Ka7 Rc7 66. Ka6 Kc8 67. Ra7 Rxa7+ 68. Kxa7 Kc7 1/2-1/2

[Event "12.Lienz Open"]
[Site "Uttendorf"]
[Date "2003.02.11"]
[Round "5"]
[White "Grundner, Alois"]
[Black "Rigo, Filippo"]
[Result "1-0"]
[WhiteElo "1862"]
[BlackElo "1552"]
[Annotator "Grundner,Alois"]
[PlyCount "43"]
[TimeControl "240+2"]

{48MB, Fritz8.ctg, OEMComputer} 1. d4 b6 2. c4 Bb7 3. Nc3 e6 4. e4 Bb4 5. Bd3
Bxc3+ 6. bxc3 Ne7 7. Nf3 O-O 8. O-O f5 9. d5 Qe8 10. Ba3 c5 11. Qe2 fxe4 12.
Bxe4 exd5 13. cxd5 Nxd5 14. Qc4 Qe6 15. Ng5 Qe5 16. f4 Qd6 17. Rad1 b5 18. Rxd5
bxc4 19. Rxd6 Bxe4 20. Nxe4 Nc6 21. Nxc5 Rad8 22. Nxd7 1-0